00253nam a2200097Ia 4500008004000000082001300040100002500053245002700078260004200105300000800147210210b1974 xxu||||| |||| 00| 0 eng d a928 CHAS aCHAUDHURI (Nirad C). aScholar extraordinary. aNew Delhi.bOrient Paperbacks.,c1974 a382